000
00373nam a22001577a 4500
003
MPLRDC
005
20220104143311.0
008
210129b ||||| |||| 00| 0 eng d
082
_a
820.9 DNY v.1
100
_a
不详
245
_a
中国文学史要. 上册
_c
260
_a
_b
吉隆坡东南亚出版社
_c
300
_b
平
650
_a
942
_c
BK
_o
820.9 DNY v.1
999
_c
38565
_d
38555